=LDR 00000nam 2200000 4500 =001 INLIS000000000020059 =005 20130612115042 =008 ***********************************Ind** =035 ##$$a0010-061300000020059 =041 ##$$a Ind =082 ##$$a 621.388 04 =090 ##$$a 621.388 04, Sof m =100 ##$$a Sofyan =245 ##$$a Mencari dan memperbaiki kerusakan pada TV berwarna, oleh Sofyan =260 ##$$a 2003 $b Jakarta =300 ##$$a viii, 52 hlm, ilus, 23 cm =650 ##$$a Telavisi berwarna-reparasi =850 ##$$a NBPNMAT =990 ##$$a 0001/BPAP-NTB/20142014